La Organización Nacional de Ciegos en su aspecto legal / (Record no. 142458)

MARC details
000 -LEADER
campo de control de longitud fija 00527nam a2200169 i 4500
001 - NÚMERO DE CONTROL
campo de control 142458
003 - IDENTIFICADOR DE NÚMERO DE CONTROL
campo de control ES-MaACL
005 - FECHA Y HORA DE LA ÚLTIMA TRANSACCIÓN
campo de control 20230906200528.0
007 - CAMPO FIJO DE DESCRIPCIÓN FÍSICA--INFORMACIÓN GENERAL
campo de control de longitud fija t|
008 - DATOS DE LONGITUD FIJA--INFORMACIÓN GENERAL
campo de control de longitud fija 071005s1972 sp ||||1| spa d
100 1# - ENTRADA PRINCIPAL--NOMBRE DE PERSONA
Nombre de persona Villagran Rodao, Quintín.
9 (RLIN) 114926
245 13 - MENCIÓN DEL TÍTULO
Título La Organización Nacional de Ciegos en su aspecto legal /
Mención de responsabilidad, etc. Quintín Villagran Rodao.
260 ## - PUBLICACIÓN, DISTRIBUCIÓN, ETC.
Lugar de publicación, distribución, etc. Valladolid :
Nombre del editor, distribuidor, etc. [s.n.],
Fecha de publicación, distribución, etc. 1972 (
Fabricante Impr. Academia Manrique)
300 ## - DESCRIPCIÓN FÍSICA
Extensión 126 fol. ;
Dimensiones 31 cm.
500 ## - NOTA GENERAL
Nota general Multicop.
852 ## - LOCALIZACIÓN
Ubicación ES-MaACL
Número de control de estantería C-43955
Sublocalización o colección R.83841
Holdings
Estatus retirado Estado de pérdida Estado de daño No para préstamo Biblioteca de origen Biblioteca actual Ubicación en estantería Fecha de adquisición Fuente de adquisición Total de préstamos Signatura topográfica completa Código de barras Visto por última vez Precio de reemplazo Tipo de ítem Koha
        Biblioteca del Ateneo de Madrid Biblioteca del Ateneo de Madrid Depósito 2 17/01/2008     C-43955 1148226 23/02/2023 23/02/2023 Libro impreso